LEADER 01124nam0 2200325 450 001 000023468 005 20090402161643.0 100 $a20090224d1967----km-y0itay50------ba 101 1 $aita$beng 102 $aIT 105 $ay-------001yy 200 1 $a<>impresa pubblica nell'esperienza italiana$fM. V. Posner e S. J. Woolf 210 $aTorino$cEinaudi$d1967 215 $a172 p.$d22 cm 225 2 $aSerie di politica economica 300 $aTrad. di Arturo Debenedetti 410 0$12001$aSerie di politica economica 454 0$12001000023469$aItalian public enterprise$946240 500 10$aItalian public enterprise$m 610 1 $aAziende pubbliche$aItalia$a1947-1962 676 $a338.62$v19$9Impresa pubblica 676 $a338.620945$v19$9Impresa pubblica. Italia 700 1$aPosner,$bMichael$f<1931- >$0228962 701 1$aWoolf,$bStuart J.$0441488 801 0$aIT$bUNIPARTHENOPE$c20090223$gRICA$2UNIMARC 912 $a000023468 951 $a326/17$b3367$cNAVA2$d2009 951 $a326/43$bCNR/441/L$cNAVA2$d2009 996 $aItalian public enterprise$946240 997 $aUNIPARTHENOPE LEADER 01100nam a2200313 i 4500 001 991004068269707536 005 20020509153442.0 008 000117s1960 fr ||| | fre 035 $ab11257891-39ule_inst 035 $aPARLA194441$9ExL 040 $aDip.to Filosofia$bita 041 0 $afreita 082 0 $a189.3 100 1 $aQuadri, Goffredo$0162040 245 13$aLa philosophie arabe dans l'Europe médiévale :$bdes origines à Averroès /$cGoffredo Quadri ; traduit de l'italien par Roland Huret 260 $aParis :$bPayot,$c1960 300 $a342 p. ;$c23 cm. 490 0 $aBibliothèque scientifique 600 04$aAverroe 600 04$aAvicenna 600 14$a Benzi, Ugo$d<1376-1439> 650 4$aFilosofia araba 700 1 $aHuret, Roland 907 $a.b11257891$b23-02-17$c01-07-02 912 $a991004068269707536 945 $aLE005 55 A 397$g1$i2005000060342$lle005$o-$pE0.00$q-$rl$s- $t0$u0$v0$w0$x0$y.i11419350$z01-07-02 996 $aPhilosophie arabe dans l'Europe médiévale$9545987 997 $aUNISALENTO 998 $ale005$b01-01-00$cm$da $e-$ffre$gfr $h3$i1